1184 1236 1493 1573 1651 1380 1807 1180 1241 1938 1846 2000 1064 1237 1015 1944 1048 1562 1286 1392 1904 1213 1866 1453 1377 1372 1726 1257 1730 1768 1434 1946 1891 1024 1642 1114 1189 1255 1723 1162 1099 1322 1906 1616 1074 1381 1094 1991 1834 1162 1432 1021 1605 1677 1986 1426 1372 1911 1327 1914 1909 1910 1621 1989 1916 1931 1427 1970 1229 1359 1485 1299 1534 1135 1736 1263 1343 1648 1072 1419 1787 1334 1302 1246 1950 1747 1391 1291 1255 1786 1475 1636 1221 1782 1920 1280 1551 1922 1919 BCNSPRNW ULIB Ver.6.0+V

เปลี่ยนเป็นภาษาไทย

Change to English
 แสดงรายละเอียดบรรณานุกรม
  กลับหน้าหลัก

Brief Record : Get Marc (ISO 2709) : E-mail record : QR code < ปิดหน้าต่าง
LEADER : 00000nam 2200000uu 4500
001    13399111270
003     ULIB
008    110621s2005||||th 000 0 eng d
020    0323024793
024    9780323024792
060  4 WX28.61^bM358h 2005
100 1  Marrelli, Tina M
245 10 Hospice and palliative care handbook :^bquality ,compliance, and reimbursement /^cTina M. Marrelli ; with assistance from Maureen A. Williams
250    2nd ed
260    St. Louis, Mo. :^bElsevier/Mosby,^c2005
300    xvi, 528 p. :^bill. ;^c22 cm
504    Includes bibliographical references and index
650  2 Documentation^xhandbooks
650  2 Hospice Care^xorganization & administration^xhandbooks
650  2 Hospice Care^xstandards^xhandbooks
650  2 Palliative Care^xhandbooks
945    ^p0^l0^i027438
995     Kesorn
999 ^a ใช้งานได้ทุกระบบ
รายการนี้ยังไม่มีแท็ก
คุณยังไม่ได้ล็อกอิน คุณสามารถมีกิจกรรมร่วมกับเว็บไซต์ได้ แต่ต้องล็อกอินก่อน ::
  ล็อกอิน

รายการสื่อสารสนเทศ

ลำดับที่ ประเภท เลขเรียก/บาร์โค้ด สถานที่ สถานะ
- ไม่พบข้อมูล -

BibComment


ยังไม่เคยถูกคอมเมนท์

คอมเมนท์ทรัพยากรรายการนี้
  คอมเมนท์: Hospice and palli..


 Copyright 2026. Bcnsprnw @Library